| 000 | 01499nam a2200349 a 4500 | ||
|---|---|---|---|
| 999 |
_c193970 _d193970 |
||
| 003 | BLK | ||
| 005 | 20231023165057.0 | ||
| 008 | 180411b bul|||||r ||||||| ||bul|| | ||
| 010 | _aKNG00203194000 | ||
| 020 | _a978-954-399-205-8 | ||
| 040 | _aBLK | ||
| 041 |
_aBUL _cBUL |
||
| 080 |
_aАмериканска литература (на САЩ) _b821.111(73) _x-31 _z821.111(73)-31 |
||
| 100 | 1 |
_aКаултър, Катрин _eпърви автор _977647 |
|
| 139 |
_aКаултър, Катрин _bК 47 |
||
| 245 | 1 | 0 |
_aЦената на рая _bРоман _cКатрин Каултър; прев. от англ. Борислав Пенчев. |
| 257 | _aUSA | ||
| 260 |
_aСофия _bСББ Медиа _c2016 _fСофия : Ропринт _9219405 _dСанома Блясък България _n978-954-399- |
||
| 300 |
_a256 с. _c20 см |
||
| 380 | _aX | ||
| 490 |
_aИсторически любовни романи _v10 _9203324 |
||
| 500 | _a1. изд. 1994 на изд. Бард. - Ориг. загл.: The wyndham legacy / Catherine Coulter. Кн. се разпр. със сп. Журнал за жената. | ||
| 700 |
_aПенчев, Борислав _eпрев. от англ. _9244051 |
||
| 852 |
_aЦб 284654 _bЦб |
||
| 852 |
_bП _c821-31/ К 47 К |
||
| 856 | 4 |
_qpdf _i0.00 _ldisable |
|
| 856 | 4 |
_qpdf _i0.00 _ldisable |
|
| 942 |
_cKNG _n0 _s1 _02 |
||
| 944 |
_aCR _c15.03.2017 _k30576 _lЦветомила Тодорова |
||
| 944 |
_aED _c2023-03-28 _kир |
||
| 999 | _d193970 | ||